000 00839nam a2200253Ia 4500
003 OSt
005 20221005113431.0
006 a|||||r|||| 00| 0
007 ta
008 221004b |||||||| |||| 00| 0 pan d
020 _a9788382851233 (hbk)
_c550
024 _a5442
037 _b683, 14/06/2013, H.K. Prakashan
_cTextual
040 _aCRL
_cCRL
_bpan
041 _2pan
_apan
082 _aO153,3NDA,PA, Q3
100 _aਦਲਾਲ, ਗੁਰਦਿਆਲ
245 0 _aਪੈੜਾਂ
260 _aਲੁਧਿਆਣਾ
_bਚੇਤਨਾ ਪ੍ਰਕਾFਨ ਭਾਰਤ
_c2013
300 _a598ਪੰ
_ccm.
650 _aਪੰਜਾਬੀ ਸਾਹਿਤ
942 _hO153,3NDA,PA, Q3
_cTEXL
_2cc
999 _c1028161
_d1028161